|
|
|
|
| LEADER |
00000nas a2200000 i 4500 |
| 001 |
ssj0001411256 |
| 003 |
WaSeSS |
| 005 |
20200512172242.0 |
| 006 |
m d |
| 007 |
cr n |
| 008 |
080606c20049999cl tr p s 0 0spa c |
| 010 |
|
|
|a 2008262372
|
| 022 |
|
|
|a 0718-8358
|l 0718-1299
|y 0718-1299
|
| 035 |
|
|
|a (WaSeSS)ssj0001411256
|
| 040 |
|
|
|a CGU
|b eng
|e pn
|c CGU
|d CGU
|d OCLCA
|d OCLCQ
|d OCLCO
|d OCLCQ
|d CLU
|d OCLCF
|d CUS
|d OCLCO
|d CUS
|d IXA
|d OCLCA
|d WaSeSS
|
| 041 |
0 |
|
|a spa
|b eng
|
| 042 |
|
|
|a pcc
|
| 043 |
|
|
|a s-cl---
|
| 210 |
0 |
|
|a Rev. INVI
|
| 222 |
|
0 |
|a Revista INVI
|
| 245 |
0 |
0 |
|a Revista INVI
|h [electronic resource].
|
| 246 |
1 |
|
|a Revista Instituto de la Vivienda
|
| 260 |
|
|
|a Santiago, Chile :
|b Universidad de Chile, Facultad de Arquitectura, Instituto de la Vivienda,
|c 2004-
|
| 362 |
1 |
|
|a Began with: Volumen 19, no. 52 (noviembre de 2004).
|
| 500 |
|
|
|a Issues also have thematic titles.
|
| 506 |
|
|
|a License restrictions may limit access.
|
| 546 |
|
|
|a In Spanish; abstracts in English and Spanish.
|
| 588 |
|
|
|a Description based on: Volumen 19, no. 52 (noviembre de 2004); title from PDF cover (publisher's Web site, viewed on Feb. 27, 2015).
|
| 588 |
|
|
|a Latest issue consulted: Volumen 29, no. 82 (noviembre 2014) (viewed on Feb. 27, 2015).
|
| 650 |
|
0 |
|a City planning
|z Chile
|v Periodicals.
|
| 650 |
|
0 |
|a Housing
|z Chile
|v Periodicals.
|
| 650 |
|
0 |
|a Urbanization
|z Chile
|v Periodicals.
|
| 650 |
|
0 |
|a Urbanization
|v Periodicals.
|
| 650 |
|
7 |
|a City planning.
|2 fast
|0 (OCoLC)fst00862177
|
| 650 |
|
7 |
|a Housing.
|2 fast
|0 (OCoLC)fst00962245
|
| 650 |
|
7 |
|a Urbanization.
|2 fast
|0 (OCoLC)fst01162722
|
| 651 |
|
7 |
|a Chile.
|2 fast
|0 (OCoLC)fst01205362
|
| 655 |
|
0 |
|a Electronic journals.
|
| 710 |
2 |
|
|a Universidad de Chile.
|b Instituto de la Vivienda.
|
| 776 |
0 |
8 |
|i Print version:
|t Revista INVI
|x 0718-1299
|w (DLC) 2013223337
|w (OCoLC)701126479
|
| 780 |
0 |
0 |
|t Boletín del Instituto de la Vivienda
|w (DLC) 2008262371
|w (OCoLC)230933292
|
| 856 |
4 |
0 |
|z Full text available from Research Library: 01/01/2001 to present
|u https://search.proquest.com/publication/3950101
|